Loading...
| Science - Chemistry | 0 | 4 | 0 | 2 | 40 | 106 | 120.25 | 0 | 3 |
| Science - Biology | 0 | 3 | 0 | 1 | 30 | 104 | 113.00 | 0 | 3 |
| History - American History | 0 | 2 | 0 | 0 | 20 | 102 | 115.00 | 0 | 2 |
| Fine Arts - Auditory Fine Arts | 0 | 2 | 0 | 0 | 20 | 111 | 112.50 | 0 | 2 |
| Literature - American Literature | 0 | 2 | 0 | 1 | 20 | 137 | 138.00 | 0 | 2 |
| Other Academic | 0 | 1 | 0 | 0 | 10 | 106 | 106.00 | 1 | 1 |
| Philosophy | 0 | 1 | 0 | 0 | 10 | 116 | 116.00 | 1 | 1 |
| Social Science | 0 | 1 | 0 | 0 | 10 | 111 | 111.00 | 0 | 1 |
| History - European History | 0 | 1 | 0 | 1 | 10 | 134 | 134.00 | 0 | 1 |
| History - Other History | 0 | 1 | 0 | 0 | 10 | 87 | 87.00 | 0 | 0 |
| Literature - British Literature | 0 | 1 | 0 | 0 | 10 | 157 | 157.00 | 0 | 0 |
| Mythology | 0 | 1 | 0 | 0 | 10 | 119 | 119.00 | 0 | 1 |
| Religion | 0 | 0 | 0 | 0 | 0 | 0.00 | 0 | 0 | |
| Literature - European Literature | 0 | 0 | 0 | 0 | 0 | 0.00 | 0 | 0 | |
| Fine Arts - Visual Fine Arts | 0 | 1 | 2 | 1 | 0 | 129 | 129.00 | 0 | 1 |
| Pop Culture | 0 | 0 | 1 | 0 | -5 | 0.00 | 0 | 0 | |
| Science - Other Science | 0 | 0 | 1 | 0 | -5 | 0.00 | 0 | 0 | |
| Fine Arts - Other Fine Arts | 0 | 0 | 1 | 0 | -5 | 0.00 | 0 | 0 |